000 00594nam a2200181 i 4500
001 50052
003 ES-MaACL
005 20230906162119.0
007 t|
008 030729s1971 sp ||||1| spa d
100 1 _aCrissy, W.J.E.
_941627
245 1 0 _aVendedores profesionales
_b: libro de ejercicios /
_cW. J. E. Crissy, Robert M. Kaplan ; [traducción de Luis Salgado Martínez].
260 _aSalamanca :
_bAnaya,
_c[1971]
300 _aXII, 172 p. ;
_c24 cm.
700 1 _aKaplan, Robert M.
_967525
700 1 _aSalgado Martínez, Luis.
_9101903
852 _aES-MaACL
_jC-44500
_bR.79422
999 _c50052
_d50052